000 00563nam a2200217Ia 4500
003 OSt
005 20220928135448.0
006 a|||||r|||| 00| 0
007 ta
008 220927b |||||||| |||| 00| 0 eng d
024 _a2323
037 _cTextual
040 _aSDCL
_cSDCL
_beng
041 _2eng
_aeng
082 _aO-,1J27x, M1
100 _aJames Clive
_9490796
245 0 _aCharles charming's Challenges on the path way to the throne
260 _c1981
942 _hO-,1J27x, M1
_cTEXL
_2CC
999 _c806134
_d806134